Parler lyonnais - Statistiques

Statistiques générales
  • Ce quiz a été pris 400 fois
  • Le résultat moyen est 10 sur 30
Statistiques - réponses
Hint Explanation Réponse % Correct
Restaurant populaire typique Bon, aujourd'hui ils sont plus touristiques que typiques... Bouchon
81%
Enfant, garçon A prononcer avec un "o" très ouvert, svp ! Gone
79%
Dégringoler, arriver en trombe "Il a débaroulé du deuxième étage" Débarouler
67%
Place (de parking, ou emploi) "Ce job est vraiment une bonne gâche !" Gâche
67%
Beignet de carnaval Aromatisées ou non au rhum ou à la fleur d'oranger Bugne
64%
Fête foraine La plus célèbre est la Vogue des Marrons chaque automne à la Croix-Rousse Vogue
62%
Tisseur de soie Féminin : canuse Canut
61%
Entrée d'immeuble "Ma soeur habite dans l'allée d'à côté" Allée
54%
Cogner "Je me suis fait bugner ma voiture" Bugner
53%
Gourmandise à base de bouts de viande frits dans la graisse En diététique on a vu mieux... Gratton
47%
Betterave Y en avait toujours à la cantine ! Carotte rouge
43%
Funiculaire "Je suis monté à la Croix-Rousse avec la ficelle" Ficelle
38%
Pétrir (son bout de pain, par exemple), tripoter "Mange ta soupe au lieu de pitrougner ton bout de pain" Pitrogner
35%
Manger lentement et sans appétit. Au figuré : chercher la petite bête "On peut pas dire qu'il a mangé, il a fait que pignocher". Pignocher
31%
Bouteille de 46 cl dévolue au Beaujolais ou au Côtes du Rhône Avec un fond très épais pour qu'il soit bien stable Pot
25%
Pressing "J'ai porté mon manteau au dégraissage" Dégraissage
24%
Pain de 400 g L'équivalent d'un batard pour les Parisiens Flûte
21%
Crêpe épaisse ...comme son nom l'indique ! Matefaim
20%
Maigrelet "Tu vas rester toute grignette si tu manges rien !" Grignet
19%
Gros "goûter" du matin, avec oeufs, saucisson, fromage, etc. Pour ceux qui travaillent de bonne heure Mâchon
17%
Mâche (la salade) Avec un oeuf poché dessus, svp ! Doucette
16%
Grumeau "Ma sauce est ratée, y'a plein de catons !" Caton
15%
Chat "Il est passé où, le miron ?" Miron
15%
Caillou "Mon pare-brise s'est pris un gadin" Gadin
14%
Poupée Terme légèrement péjoratif Poutrône
14%
Dadais, benêt "qu'est-ce qu'il veut, ce grand gognand ?" Gognand
13%
Chiffon, morceau de linge, voire doudou "Où t'as mis la patte à poussière ?" Patte
12%
Rhume, grippe "Va pas me filer ton bocon !" Bocon
9%
Gosier "Pourquoi tu manges pas ? ça t'écorche le corgnolon ?" Corgnolon
8%
Buvette en plein air Notamment au Parc de la Tête d'Or ou place Bellecour Pieds humides
3%
Aucun quiz correspondant
Distribution des résultats
% des personnes avec chaque résultat
Percentile par nombre de réponses
Votre historique - résultats
Vous n’avez pas pris ce quiz